000 00525nam a2200169Ia 4500
003 GCL
008 140319s9999 xx 000 0 eng d
040 _aGCL /
_cGCL
082 0 4 _aCC
_b352.62
_bM L
100 1 _aMAYFIELD, JAMES
245 1 0 _aLOCAL GOVERNMENT IN EGYPT: STRUCTURE, PROCESS, AND THE CHALLENGES OF REFORM /
_cMAYFIELD, JAMES
260 _aالقاهرة :
_bTHE AMERICAN UNIVERSITY IN CAIRO PRESS ،
_c1996
300 _a369 P ؛
_c22 cm.
650 0 4 _aEGYPT
650 0 4 _aLOCAL GOVERNMENT
942 _2ddc
_cBK
999 _c14035
_d14035